Statistics for Quiz Title: How much do you know minecraft

Click here to take the quiz!

General Stats

  • This quiz has been taken 92 times
  • The average score is 7 of 10

Answer Stats

QuestionAnswer% Correct
Can you craft a platinium sword in minecraft?No
100%
How is named the creator of minecraft?Notch
99%
What is the Hypixel net?A minecraft server
96%
Is minecraft having dolfins?Yes
95%
From where is Notch?Sweden
93%
How old is minecraft?(2020)11 years
82%
Who is the Notch's helper?Jeb
79%
Did you like this quiz?THAT WAS AMAZING!!!
41%
When is the creator's of minecraft his birthday?June 1
32%
How many ores are in minecraft?6
16%

Score Distribution

Percentile by Number Answered

Percent of People with Each Score

Your Score History

You have not taken this quiz